000 00596nam a22002057a 4500
999 _c11979
_d11979
003 AR-CdUCM
008 190405b ||||| |||| 00| 0 spa d
040 _aMUNICIPALIDAD PROVINCIAL DEL CUSCO
_cBIBLIOTECA MUNICIPAL DEL CUSCO
082 _aC / 869.503 /
_bM42
100 _aMendoza Borda, Gloria
_914954
245 _aWilayar /
260 _aCusco :
_c1971.
300 _a39 páginas ;
_c16 cm.
505 _aContenido: Poesías.
650 _aLiteratura Peruana
_9132
650 _aSiglo XX
_98
650 _aPoesías Cusqueñas
_96460
942 _2ddc
_cLIBROS
945 _aachl
_d2019-04-05